Top 10 des transferts les plus chères de l'histoire ! - Statistiques

Statistiques générales
  • Ce quiz a été pris 130 fois
  • Le résultat moyen est 7 sur 10
Statistiques - réponses
Indice Réponse % Correct
AS Monaco → Paris Saint-Germain (180 millions) Kylian Mbappé
100%
FC Barcelone → Paris Saint-Germain (222 millions) Neymar
100%
Atlético de Madrid → FC Barcelone (120 millions) Antoine Griezmann
81%
Borussia Dortmund → FC Barcelone (135 millions) Ousmane Dembélé
81%
Benfica Lisbonne → Atlético de Madrid (120 millions) João Félix
62%
Chelsea FC → Real Madrid (120,8 millions) Eden Hazard
56%
Aston Villa → Manchester City (117 millions) Jack Grealish
56%
Borussia Dortmund → Real Madrid (128 millions) Jude Bellingham
54%
Benfica Lisbonne → Chelsea FC (121 millions) Enzo Fernández
50%
Liverpool FC → FC Barcelone (135 millions) Philippe Coutinho
47%
Aucun quiz correspondant
Distribution des résultats
% des personnes avec chaque résultat
Percentile par nombre de réponses
Votre historique - résultats
Vous n’avez pas pris ce quiz